Delante de la luz cantan los pájaros : poesía 1953-2000 /
Guardat en:
| Autor principal: | |
|---|---|
| Format: | Llibre |
| Idioma: | espanyol |
| Publicat: |
México :
Fondo de Cultura Económica,
2000, c2000
|
| Col·lecció: | (Letras Mexicanas)
|
| Matèries: | |
| Etiquetes: |
Sense etiquetes, Sigues el primer a etiquetar aquest registre!
|
MARC
| LEADER | 00000nam^a2200000^a^4500 | ||
|---|---|---|---|
| 001 | 000338453 | ||
| 005 | 20250617153617.0 | ||
| 009 | 20260310114358.377 | ||
| 020 | |a 968-16-5808-6 | ||
| 037 | |a Acervo ITESO - Biblioteca | ||
| 041 | |a ESP | ||
| 082 | |a 861. |b MON | ||
| 100 | |a Montes de Oca, Marco Antonio |e (autor) | ||
| 240 | 1 | 1 | |a [Cantos al sol que no se alcanza] |
| 240 | 1 | 1 | |a [Delante de la luz cantan los pájaros] |
| 240 | 1 | 5 | |a [En honor de las palabras] |
| 240 | 1 | 5 | |a [Las fuentes legendarias] |
| 240 | 1 | 1 | |a [Pedir el fuego] |
| 245 | 1 | 0 | |a Delante de la luz cantan los pájaros : |b poesía 1953-2000 / |c M.A. Montes de Oca. |
| 264 | 4 | |a México : |b Fondo de Cultura Económica, |c 2000, c2000 | |
| 300 | |a 1181 p. | ||
| 336 | |a texto |b txt |2 rdacontenido | ||
| 337 | |a sin mediación |b n |2 rdamedio | ||
| 338 | |a volumen |b nc |2 rdasoporte | ||
| 440 | 1 | |a (Letras Mexicanas) | |
| 545 | 0 | |a Marco Antonio Montes de Oca (Ciudad de México, 1932-2009), escritor mexicano, creador de una obra poética de asombrosa fertilidad y gran riqueza de imágenes. Octavio Paz, el principal de sus apologistas, y Juan José Arreola fueron dos figuras relevantes en su desarrollo. Compuso entre Ruina de la infame Babilonia (1953) y la imponente compilación Delante de la luz cantan los pájaros: poesía, 1953-2000 (2000) un majestuoso universo poético, en el que figuran títulos como Delante de la luz cantan los pájaros (1959, Premio Xavier Villaurrutia), Cantos al sol que no se alcanza (1961), Fundación del entusiasmo (1963), La parcela en el Edén (1964), Vendimia del juglar (1965), Pedir el fuego (1968) y Tablero de orientaciones (1984, Premio Zacatecas). Recogió sucesivamente sus creaciones en Poesía reunida: 1953-1970 (1971), Comparecencias: poesía 1968-1980 (1980), Altanoche: antología de poemas breves (1986), Pedir el fuego: antología 1953-1991 (1992) y Delante de la luz cantan los pájaros. La temprana autobiografía Marco Antonio Montes de Oca (1967), los relatos de Las fuentes legendarias (1966) y el cuento infantil El niño pintor (1984) figuraron entre sus incursiones en otros géneros literarios. Colaboró en Cuadernos del Viento, Excélsior, Plural, Revista Mexicana de Literatura, Revista Universidad de México y Vuelta, entre otras publicaciones. Fundador y secretario del Pen Club de México, presidió la Asociación de Escritores de México (1976-1978). Galardonado con el Premio Nacional de Ciencias y Artes, categoría Lingüística y Literatura (1985), fue nombrado en 1994 creador emérito del Sistema Nacional de Creadores de Arte (SNCA). | |
| 586 | |a Premio Xavier Villaurrutia 1959 | ||
| 586 | |a Premio Nacional de Ciencias y Artes, categoría Lingüística y Literatura (36°: 1985) | ||
| 649 | |a XX | ||
| 650 | |a Poesía Mexicana | ||
| 650 | |a Literatura Mexicana - |y Siglo XX | ||
| 910 | |a Fondo General | ||
| 920 | |a Impresos - Libros | ||
| 930 | |a Colección General | ||
| 940 | |a Literatura | ||
| 905 | |a 101 | ||
| 901 | |a 0500228358 |b IT1 |c LIT |i D56967 |u 20250521 | ||
| 902 | |a https://opac.biblio.iteso.mx/vufind/Record/000338453 | ||